01263nam a2200289 a 4500001001000000005001700010008004100027020001500068040001800083050002400101245014400125250000600269260004500275300004200320500005000362500018400412504002700596600005600623610004700679610003500726650006800761700004200829700001800871700002500889700002900914740003000943BRCA_168220190320203515.0880822s1989 caua---##b---#001-0#eng-# a0937108073 aDLCcDLCdDLC 4aNE553.L3b.T68 198910aToulouse-Lautrecbthe Baldwin M. Baldwin Collectionccurator of European Art Nora Desloge ; with essays by Phillip Dennis Cate, Julia Frey. a2 aSan DiegobSan Diego Museum of Artc1989 a263 p.bil. (algunas a color)c29 cm. aTítulo del lomo : Henri de Toulouse-Lautrec aCatálogo de la exposición realizada en The San Diego Museum of Art, 15 octubre - 31 diciembre, 1988 y en el Museo Franz Mayer (Ciudad de México), 19 febrero - 12 abril, 1998 aBibliografía: p. 26114aToulouse-Lautrec, Henri ded1864-1901xExposiciones24aBaldwin M. FoundationxColecciones de arte24aSan Diego MuseumvExposiciones14aLitografíaxColecciones privadaszCalifornia (Estados Unidos)1 aToulouse-Lautrec, Henri ded1864-19011 aDesloge, Nora1 aCate, Phillip Dennis1 aFrey, Julia Blochd1943-0 aHenri de Toulouse-Lautrec